| 000 | 00427nam a2200181Ia 4500 | ||
|---|---|---|---|
| 003 | 0100 | ||
| 008 | 130303s9999 xx 000 0 und d | ||
| 040 | _cARRUPELIB | ||
| 050 | _aJF801.R541992 | ||
| 100 | _aRiesenberg, Peter N | ||
| 245 | _aCitizenship in the Western tradition | ||
| 245 | _bPlato to Rousseau | ||
| 260 | _aChapel Hill NC | ||
| 260 | _bUniv. of NC Pr. | ||
| 260 | _C1992 | ||
| 300 | _a324p | ||
| 942 | 0 | 0 | _01 |
| 999 |
_c19418 _d19418 |
||